[Event "Vietnam National Masters Men 2012"]
[Site "Ho Chi Minh City VIE"]
[Date "2012.12.03"]
[Round "7.9"]
[White "Nguyen Thanh Nghia"]
[Black "Tran,Minh Thang"]
[Result "1-0"]
[WhiteElo "2114"]
[BlackElo "2096"]
[WhiteFideId "12401870"]
[BlackFideId "12401080"]
[EventDate "2012.11.29"]

1. e4 e6 2. d4 d5 3. e5 c5 4. c3 Qb6 5. Nf3 Bd7 6. Be2 Bb5 7. O-O Bxe2 8. Qxe2
Qa6 9. Qxa6 Nxa6 10. Be3 h5 11. Nbd2 Nh6 12. dxc5 Nxc5 13. c4 dxc4 14. Nxc4 Nf5
15. Rfd1 b5 16. Nd6+ Bxd6 17. exd6 Ne4 18. d7+ Ke7 19. Ne5 Ned6 20. Bc5 Rhg8 21.
Rxd6 Nxd6 22. Rd1 f6 23. Bxd6+ Kd8 24. Be7+ 1-0

[Event "Vietnam National Masters Men 2012"]
[Site "Ho Chi Minh City VIE"]
[Date "2012.12.04"]
[Round "8.1"]
[White "Vo Thanh Ninh"]
[Black "Nguyen Hoang Nam1"]
[Result "1/2-1/2"]
[BlackTitle "CM"]
[WhiteElo "2306"]
[BlackElo "2263"]
[WhiteFideId "12402141"]
[BlackFideId "12402133"]
[EventDate "2012.11.29"]

1. c4 Nf6 2. g3 c6 3. Nf3 d5 4. Bg2 dxc4 5. O-O Nbd7 6. Qc2 Nb6 7. Na3 Qd5 8.
Qc3 Be6 9. Nd4 Qd7 10. Nxe6 Qxe6 11. b3 cxb3 12. axb3 Nbd5 13. Qc4 Qd7 14. Bb2
e6 15. d4 Be7 1/2-1/2

[Event "Vietnam National Masters Men 2012"]
[Site "Ho Chi Minh City VIE"]
[Date "2012.12.04"]
[Round "8.3"]
[White "Pham Duc Thang"]
[Black "Nguyen Van Huy"]
[Result "0-1"]
[WhiteTitle "FM"]
[BlackTitle "IM"]
[WhiteElo "2206"]
[BlackElo "2505"]
[WhiteFideId "12401420"]
[BlackFideId "12401064"]
[EventDate "2012.11.29"]

1. d4 Nf6 2. Nf3 d5 3. c4 e6 4. Nc3 Bb4 5. Qb3 c5 6. Bg5 Nbd7 7. cxd5 exd5 8.
dxc5 Qa5 9. a3 Bxc3+ 10. Qxc3 Qxc3+ 11. bxc3 Ne4 12. Rd1 Ndxc5 13. Be3 Be6 14.
Nd2 O-O 15. f3 Nxd2 16. Kxd2 Nb3+ 17. Kc2 Rfc8 18. Bf2 Na5 19. e3 Rc6 20. g4
Rac8 21. Be1 Rc5 22. Be2 Bd7 23. Rd4 Nc6 24. Rf4 g5 25. Rf6 Kg7 26. Rd6 Be6 27.
h4 h6 28. hxg5 hxg5 29. c4 Kf6 30. Bg3 Na5 31. f4 Nxc4 32. Bxc4 Rxc4+ 33. Kb1
Ke7 34. fxg5 Rxg4 0-1

[Event "Vietnam National Masters Men 2012"]
[Site "Ho Chi Minh City VIE"]
[Date "2012.12.04"]
[Round "8.4"]
[White "Cao,S"]
[Black "Ton,T"]
[Result "1/2-1/2"]
[WhiteTitle "GM"]
[BlackTitle "IM"]
[WhiteElo "2497"]
[BlackElo "2209"]
[WhiteFideId "725056"]
[BlackFideId "12401439"]
[EventDate "2012.11.29"]

1. e4 c6 2. d4 d5 3. e5 Bf5 4. Nf3 e6 5. Be2 Nd7 6. O-O c5 7. Be3 a6 8. c3 Rc8
9. Nbd2 Ne7 10. Nh4 Qb6 11. g4 Bg6 12. dxc5 Qxb2 13. Nxg6 hxg6 14. Qb1 Qxb1 15.
Rfxb1 Rc7 16. Rb2 Nc6 17. Rab1 Nd8 18. c4 Bxc5 19. Bxc5 Rxc5 20. Nb3 Rc7 21.
cxd5 exd5 22. Rd1 Nxe5 23. Rxd5 Nec6 24. Rbd2 Ne6 25. Bf3 Rh3 26. R5d3 Ke7 27.
Re3 Kf6 28. Rc2 Rd7 29. Nc5 Rd4 30. Ne4+ Ke7 31. Ng5 Rh4 32. Nxe6 fxe6 33. Bxc6
Rhxg4+ 34. Kf1 bxc6 35. Rxc6 a5 36. Rcxe6+ Kf7 37. Re7+ Kf8 38. Ra7 a4 39. Ree7
Rgf4 40. Rec7 Rd8 41. Kg2 g5 42. h3 g6 43. a3 Kg8 44. Rg7+ Kf8 45. Rh7 Kg8 46.
Rhb7 Kh8 47. Rb4 Rdf8 48. Rxf4 Rxf4 49. Ra5 g4 50. h4 Kg7 51. Ra6 Rc4 52. Kg3
Kh6 53. Re6 Kh5 54. Re5+ Kh6 55. Re7 Rd4 56. Re6 Rc4 57. Ra6 Kh5 58. Ra5+ Kh6
59. Kg2 Rf4 60. Ra7 Rc4 61. Kf1 Re4 62. Ra5 Kg7 63. Ra6 Kh6 64. Ra7 g5 65. hxg5+
Kxg5 66. Kg2 Rc4 67. Ra8 Kf5 68. Ra5+ 1/2-1/2

[Event "Vietnam National Masters Men 2012"]
[Site "Ho Chi Minh City VIE"]
[Date "2012.12.04"]
[Round "8.6"]
[White "Bao Khoa"]
[Black "Hoang Canh Huan"]
[Result "0-1"]
[WhiteTitle "IM"]
[BlackTitle "FM"]
[WhiteElo "2279"]
[BlackElo "2391"]
[WhiteFideId "12401501"]
[BlackFideId "12400599"]
[EventDate "2012.11.29"]

1. d4 g6 2. c4 Bg7 3. Nc3 d6 4. e4 Nf6 5. Bg5 O-O 6. Qd2 c5 7. d5 e6 8. Bd3 exd5
9. Nxd5 Be6 10. Ne2 Bxd5 11. exd5 Nbd7 12. Rc1 Ne5 13. Bb1 a6 14. O-O b5 15. b3
Re8 16. f4 Ned7 17. f5 h6 18. Bxf6 Nxf6 19. fxg6 Qe7 20. gxf7+ Kxf7 21. Nf4 Qe3+
22. Qxe3 Rxe3 23. Bg6+ Kg8 24. Bf5 Ne4 25. Bxe4 Rxe4 26. g3 Rae8 27. Kg2 bxc4
28. bxc4 Be5 29. Ne6 Re2+ 30. Rf2 Rxf2+ 31. Kxf2 Rb8 32. Rc2 a5 33. Kf3 Kf7 34.
Ke4 Bf6 35. Nc7 Rb1 36. Rf2 Kg6 37. Kd3 Bd4 38. Re2 Be5 39. Ne6 Kf6 40. Rf2+ Kg6
41. Nf8+ Kg5 42. Nd7 Bd4 43. Re2 Rc1 44. Re6 Rc3+ 45. Kd2 Rxc4 46. Rxd6 Ra4 47.
h4+ Kf5 48. Rxh6 c4 49. Rc6 Rxa2+ 50. Kc1 Ke4 51. Rc8 Kxd5 52. g4 Rh2 53. h5 a4
54. Ra8 a3 55. Ra5+ Kd6 56. Nb6 Bxb6 57. Rxa3 Rg2 58. h6 Rxg4 59. Rh3 Bd4 60.
Rh1 Rg1+ 0-1

[Event "Vietnam National Masters Men 2012"]
[Site "Ho Chi Minh City VIE"]
[Date "2012.12.04"]
[Round "8.9"]
[White "Tran,Minh Thang"]
[Black "Nguyen Tan Thinh"]
[Result "1-0"]
[WhiteElo "2096"]
[BlackElo "1919"]
[WhiteFideId "12401080"]
[BlackFideId "12403458"]
[EventDate "2012.11.29"]

1. d4 d5 2. Bf4 Nf6 3. e3 e6 4. Nd2 Nbd7 5. Ngf3 Be7 6. h3 c5 7. c3 h6 8. Bd3
Qb6 9. Qc1 Nf8 10. Bh2 Bd7 11. a4 a6 12. Ne5 Rc8 13. O-O Ng8 14. Qb1 Bf6 15. f4
Ne7 16. Ra2 Nc6 17. Qd1 cxd4 18. exd4 Bxe5 19. fxe5 Nxd4 20. cxd4 Qxd4+ 21. Kh1
Qxd3 22. Ra3 Qc2 23. Qf3 Qg6 24. Qf2 Nh7 25. Rg3 Qf5 26. Qe2 Qc2 27. Rxg7 Ng5
28. Qh5 Rf8 29. Bf4 Kd8 30. Bxg5+ hxg5 31. Rfxf7 Rxf7 32. Qxf7 Qc6 33. Nb3 Kc7
34. Kh2 Rd8 35. Nd4 1-0

[Event "Vietnam National Masters Men 2012"]
[Site "Ho Chi Minh City VIE"]
[Date "2012.12.05"]
[Round "9.2"]
[White "Hoang Canh Huan"]
[Black "Tran Tuan Minh"]
[Result "0-1"]
[WhiteTitle "FM"]
[BlackTitle "FM"]
[WhiteElo "2391"]
[BlackElo "2258"]
[WhiteFideId "12400599"]
[BlackFideId "12401820"]
[EventDate "2012.11.29"]

1. e4 e6 2. Qe2 c5 3. Nf3 Nc6 4. g3 g6 5. Bg2 Bg7 6. O-O Nge7 7. d3 O-O 8. Re1
d6 9. Nbd2 Rb8 10. a4 a6 11. h3 b5 12. axb5 axb5 13. Nb3 Qb6 14. Bf4 Bxb2 15.
Rab1 Be5 16. Nxe5 dxe5 17. Be3 Nd4 18. Nxd4 exd4 19. Bh6 Re8 20. Qf3 f5 21. Qf4
Rb7 22. exf5 Nxf5 23. Bxb7 Bxb7 24. Bg5 b4 25. Qe5 h6 26. Bf4 g5 27. Bxg5 hxg5
28. Qf6 Re7 29. Qg6+ Kf8 30. Qxg5 Qc6 31. Re4 Nd6 32. Rf4+ Ke8 33. f3 Kd7 34.
Re1 Rf7 35. Rxf7+ Nxf7 36. Qf6 Qxf3 37. Qxf3 Bxf3 38. g4 c4 39. dxc4 b3 40. cxb3
d3 41. Re3 Ne5 42. Rxf3 Nxf3+ 43. Kf2 d2 44. Ke2 e5 45. h4 e4 46. h5 e3 47. h6
Ng1+ 0-1

[Event "Vietnam National Masters Men 2012"]
[Site "Ho Chi Minh City VIE"]
[Date "2012.12.05"]
[Round "9.4"]
[White "Nguyen Duc Hoa"]
[Black "Vo Thanh Ninh"]
[Result "1-0"]
[WhiteTitle "IM"]
[WhiteElo "2503"]
[BlackElo "2306"]
[WhiteFideId "12401358"]
[BlackFideId "12402141"]
[EventDate "2012.11.29"]

1. d4 Nf6 2. c4 e6 3. Nf3 b6 4. g3 Ba6 5. Qc2 c5 6. d5 exd5 7. cxd5 Be7 8. e4
Bxf1 9. Kxf1 d6 10. Nc3 O-O 11. Nd2 Qd7 12. Kg2 Na6 13. Qb3 Rfb8 14. a4 Nb4 15.
Nc4 Ne8 16. f4 Nc7 17. Rd1 a6 18. Be3 b5 19. axb5 axb5 20. Rxa8 Nxa8 21. Na5 Bd8
22. Ra1 Nc7 23. Qd1 Ra8 24. Bf2 Ne8 25. Nb3 Rxa1 26. Qxa1 Qb7 27. Qd1 Nc7 28.
Qg4 Ne8 29. Qf3 Na6 30. Qe2 b4 31. Nb5 f5 32. Nd2 fxe4 33. Qc4 Nac7 34. Nxc7
Nxc7 35. Nxe4 Be7 36. Bxc5 dxc5 37. d6+ Kf8 38. dxe7+ Kxe7 39. Qxc5+ Kf7 40.
Qc4+ Ke7 41. Kh3 Qb6 42. Ng5 h6 43. Qf7+ Kd8 44. Qf8+ Ne8 45. Nf7+ Kd7 46. Ne5+
Kd8 47. Qxb4 Qe6+ 48. Kg2 Qd5+ 49. Nf3 Nd6 50. Qd4 Qe6 51. Qe5 Qd7 52. Nd4 Nc4
53. Qb8+ Ke7 54. Qb4+ Nd6 55. Qc5 Qb7+ 56. Kh3 Qd7+ 57. g4 g6 58. Qe5+ Kf7 59.
f5 gxf5 60. Nxf5 Nc4 61. Qg7+ Ke6 62. Qg8+ Qf7 63. Qc8+ Ke5 64. Qc5+ Kf4 65. b3
h5 66. Qxc4+ Qxc4 67. bxc4 hxg4+ 68. Kh4 Kxf5 69. c5 1-0

[Event "Vietnam National Masters Men 2012"]
[Site "Ho Chi Minh City VIE"]
[Date "2012.12.05"]
[Round "9.7"]
[White "Duong,Thu"]
[Black "Pham Duc Thang"]
[Result "1/2-1/2"]
[BlackTitle "FM"]
[WhiteElo "2018"]
[BlackElo "2206"]
[WhiteFideId "12402443"]
[BlackFideId "12401420"]
[EventDate "2012.11.29"]

1. e4 c5 2. Nf3 d6 3. c3 Nf6 4. Bd3 Nc6 5. h3 e6 6. O-O Be7 7. Re1 O-O 8. Bc2 e5
9. d4 Bd7 10. Be3 Rc8 11. dxe5 dxe5 12. Nbd2 Qc7 13. Qe2 Na5 14. Nf1 b5 15. Ng3
b4 16. cxb4 cxb4 17. Rac1 Qb8 18. Bd3 Rxc1 19. Rxc1 Rc8 20. Rxc8+ Bxc8 21. Qc2 1/2-1/2

[Event "Vietnam National Masters Men 2012"]
[Site "Ho Chi Minh City VIE"]
[Date "2012.12.05"]
[Round "9.9"]
[White "Pham,X"]
[Black "Tran,Minh Thang"]
[Result "1-0"]
[WhiteElo "2232"]
[BlackElo "2096"]
[WhiteFideId "12401307"]
[BlackFideId "12401080"]
[EventDate "2012.11.29"]

1. d4 g6 2. e4 d6 3. Nc3 Nf6 4. Nf3 Bg7 5. Be2 c6 6. O-O O-O 7. Bg5 Qc7 8. Qd2
b5 9. e5 dxe5 10. dxe5 Ng4 11. Bf4 Nxe5 12. Bxe5 Bxe5 13. Nxe5 Qxe5 14. Nxb5
cxb5 15. Bf3 Nc6 16. Bxc6 Rb8 17. c3 Be6 18. Rfe1 Qc5 19. Bf3 Rfd8 20. Qf4 Rb6
21. a3 Rbd6 22. Rad1 Kg7 23. Rxd6 Rxd6 24. h4 h6 25. Re4 a5 26. Re5 Qc4 27. Qe3
Qb3 28. Qc1 Bd5 29. Be2 Bc4 30. Bf3 e6 31. h5 g5 32. Rc5 Rd7 33. Kh2 f6 34. Rc8
Bd3 35. Qe3 Bh7 36. Qc5 Rf7 37. Qd6 1-0

[Event "Vietnam National Masters Men 2012"]
[Site "Ho Chi Minh City VIE"]
[Date "2012.12.05"]
[Round "9.10"]
[White "Le,Cong Cuong"]
[Black "Nguyen Tan Thinh"]
[Result "1/2-1/2"]
[WhiteElo "2113"]
[BlackElo "1919"]
[WhiteFideId "12403504"]
[BlackFideId "12403458"]
[EventDate "2012.11.29"]

1. e4 c5 2. Nc3 Nc6 3. g3 g6 4. Bg2 Bg7 5. Nge2 d6 6. d3 Nf6 7. h3 O-O 8. Be3
Rb8 9. Qd2 b5 10. Bh6 b4 11. Nd1 Nd4 12. Bxg7 Kxg7 13. f4 e5 14. O-O Nxe2+ 15.
Qxe2 Nh5 16. Qe1 Qf6 17. Qe3 Kh8 18. Rb1 Bd7 19. Qf2 Rbe8 20. Ne3 exf4 21. gxf4
Qd4 22. Nc4 Qxf2+ 23. Rxf2 Re6 24. Rbf1 f5 25. exf5 Ref6 26. fxg6 hxg6 27. Kh2
Nxf4 28. Nxd6 Rxd6 29. Rxf4 Rxf4 30. Rxf4 Be6 1/2-1/2

[Event "Vietnam National Masters Women 2012"]
[Site "Ho Chi Minh City VIE"]
[Date "2012.11.29"]
[Round "1.2"]
[White "Le Thi Ha"]
[Black "Nguyen Thi Thanh An"]
[Result "0-1"]
[BlackTitle "WGM"]
[WhiteElo "1944"]
[BlackElo "2318"]
[WhiteFideId "12401994"]
[BlackFideId "12400300"]
[EventDate "2012.11.29"]

1. d4 Nf6 2. c4 g6 3. Nc3 Bg7 4. e4 d6 5. f3 O-O 6. Be3 Nc6 7. Nge2 a6 8. Nc1 e5
9. d5 Nd4 10. N1e2 Nxe2 11. Bxe2 c5 12. Qd2 Bd7 13. O-O-O b5 14. Rdf1 Qa5 15.
Kb1 Rfb8 16. Rf2 Rb7 17. Nd1 Qc7 18. g4 Bxg4 19. fxg4 Nxe4 20. Qc1 Nxf2 21. Bxf2
bxc4 22. Bxc4 Rab8 23. Be1 Qd7 24. Rg1 e4 25. Bc3 Bd4 26. Rg2 Qa4 27. Bb3 Qb5
28. Bxd4 cxd4 29. Qc4 Qb4 30. Qxb4 Rxb4 31. Kc1 a5 32. Bc2 Re8 33. b3 Rb5 34.
Kd2 Rxd5 35. g5 Rc5 36. Nb2 d5 37. Na4 Rc6 38. Ke1 d3 39. Bd1 Rec8 40. h4 Rc1
41. Nb6 R8c2 42. Rd2 e3 43. Rxd3 e2 44. Nxd5 Rxd1+ 45. Rxd1 exd1=Q+ 46. Kxd1
Rxa2 47. Ne7+ Kg7 48. Nc6 a4 0-1

[Event "Vietnam National Masters Women 2012"]
[Site "Ho Chi Minh City VIE"]
[Date "2012.11.29"]
[Round "1.3"]
[White "Hoang Thi Bao Tram"]
[Black "Nguyen,Hoang Anh"]
[Result "1-0"]
[WhiteTitle "WGM"]
[WhiteElo "2317"]
[BlackElo "1914"]
[WhiteFideId "12401102"]
[BlackFideId "12401382"]
[EventDate "2012.11.29"]

1. d4 d6 2. Nf3 g6 3. e4 Bg7 4. Bc4 Nf6 5. Qe2 c6 6. O-O d5 7. exd5 cxd5 8. Bb5+
Nbd7 9. Re1 e6 10. Nc3 O-O 11. a4 a6 12. Bd3 Nb8 13. Ne5 Nc6 14. Nxc6 bxc6 15.
a5 Nd7 16. Qg4 c5 17. Bg5 Qc7 18. dxc5 Nxc5 19. Qh4 d4 20. Ne2 e5 21. Be7 Re8
22. Bxc5 Qxc5 23. Nxd4 Bb7 24. Nb3 Qc7 25. f3 e4 26. fxe4 Bxb2 27. Rab1 Bc3 28.
Rf1 Re7 29. Kh1 Rae8 30. Rf4 Bxa5 31. Nxa5 Qxa5 32. Rbf1 Qh5 33. Qxh5 gxh5 34.
Bc4 Rf8 35. Bd5 Kg7 36. c4 f6 37. h3 Ba8 38. Rf5 Bxd5 39. exd5 Rc7 40. R1f4 Rfc8
41. Rxf6 Rxc4 42. R4f5 Rd8 43. Rxa6 Rd4 44. Ra7+ Kg6 45. Rff7 R8xd5 46. Rxh7 Kg5
47. Rag7+ Kf4 48. Kh2 Rd2 49. Rg3 R2d4 50. Rf7+ Ke4 51. Rgf3 Rd2 52. Re7+ Kd4
53. Rg3 Kc5 54. Rg6 Rf2 55. Kg3 Rff5 56. Kh2 Rf2 57. Ra7 Rfd2 58. Ra5+ Kc4 59.
Rc6+ Kb4 60. Rxd5 Rxd5 61. Kg3 Rg5+ 62. Kf3 Kb5 63. Rc2 h4 64. Rc8 Rg3+ 65. Kf2
Ra3 66. Rh8 Ra2+ 67. Kf3 Ra4 68. Rg8 Ra3+ 69. Kf4 Kc5 70. Rg4 Ra2 1-0

[Event "Vietnam National Masters Women 2012"]
[Site "Ho Chi Minh City VIE"]
[Date "2012.11.29"]
[Round "1.4"]
[White "Nguyen Thi Hanh"]
[Black "Le Kieu Thien Kim"]
[Result "0-1"]
[BlackTitle "WIM"]
[WhiteElo "1884"]
[BlackElo "2261"]
[WhiteFideId "12401200"]
[BlackFideId "12400572"]
[EventDate "2012.11.29"]

1. e4 Nf6 2. e5 Nd5 3. d4 d6 4. Nf3 Bg4 5. exd6 exd6 6. Be2 Be7 7. O-O O-O 8. c3
Nc6 9. Qb3 Nb6 10. Bf4 Re8 11. Re1 Bf6 12. Nbd2 h6 13. Bd3 Qd7 14. h3 Be6 15.
Qc2 Nd5 16. Bg3 g5 17. a3 Nde7 18. Rad1 Bg7 19. Nf1 f5 20. Qe2 Bf7 21. Bc4 d5
22. Bd3 f4 23. Bh2 Bh5 24. Bb1 Ng6 25. Qd3 Nf8 26. N1d2 Ne7 27. Rc1 Nc6 28. Qf5
Qxf5 29. Bxf5 Kf7 30. g3 Ne7 31. Bc2 Ne6 32. Ne5+ Kg8 33. Nd3 fxg3 34. Bxg3 Nf5
35. Kg2 Bg6 36. Ne5 Bh7 37. Ndf3 c6 38. Re2 Nxg3 39. fxg3 Bxc2 40. Rcxc2 Bxe5
41. Rxe5 Nc7 42. Rce2 Rxe5 43. Rxe5 Re8 44. g4 Kg7 45. Kg3 Rxe5 46. dxe5 Ne6 47.
Nd4 Nc5 48. Nf5+ Kf7 49. Nxh6+ Ke6 50. h4 Ne4+ 51. Kh3 gxh4 52. Kxh4 Kxe5 53. g5
c5 54. Ng4+ Kf4 55. g6 Nd6 56. Nf2 Ke3 57. Kg5 Ne8 58. Ng4+ Kd3 59. Nf6 Ng7 60.
Nxd5 Kc4 61. Ne3+ Kb3 62. Nf5 Ne8 63. Nd6 Ng7 64. Ne4 Kxb2 65. Kf6 Nh5+ 66. Kf7
c4 67. Nf6 Ng3 68. g7 Nf5 69. Nd5 Kxa3 70. Kg6 Nxg7 71. Kxg7 Kb3 72. Kf6 a5 73.
Ke5 a4 74. Kd4 a3 75. Nb4 b5 76. Kc5 a2 77. Nxa2 Kxa2 78. Kd5 0-1

[Event "Vietnam National Masters Women 2012"]
[Site "Ho Chi Minh City VIE"]
[Date "2012.11.29"]
[Round "1.6"]
[White "Huynh,T"]
[Black "Pham Thi Thu Hien"]
[Result "0-1"]
[WhiteElo "1859"]
[BlackElo "2105"]
[WhiteFideId "12403482"]
[BlackFideId "12402575"]
[EventDate "2012.11.29"]

1. e4 e5 2. g3 Nf6 3. Bg2 Bc5 4. d3 O-O 5. Ne2 d5 6. Nd2 c6 7. O-O Re8 8. c3 Bb6
9. a4 Nbd7 10. Nb3 a5 11. Qc2 h6 12. h3 Nf8 13. Kh2 Be6 14. Nd2 dxe4 15. dxe4
N6d7 16. b4 f6 17. Ba3 Bc7 18. Rad1 Qb8 19. Ra1 Bd6 20. Nf3 Nb6 21. bxa5 Rxa5
22. Rfb1 Bxa3 23. Rxa3 Nc4 24. Raa1 Qa7 25. Neg1 Nd7 26. Nh4 Nc5 27. Qe2 Rxa4
28. Rxa4 Nxa4 29. Qh5 Bf7 30. Qg4 h5 31. Qd7 Nc5 32. Qd1 Qa2 33. Ne2 Qd2 34. Qf1
Rd8 35. Nf5 Qd3 36. f3 Nd2 0-1

[Event "Vietnam National Masters Women 2012"]
[Site "Ho Chi Minh City VIE"]
[Date "2012.11.29"]
[Round "1.7"]
[White "Bui Kim Le"]
[Black "Tran,Thi Kim Cuong"]
[Result "1-0"]
[WhiteTitle "WIM"]
[WhiteElo "2098"]
[BlackElo "1855"]
[WhiteFideId "12400874"]
[BlackFideId "12407291"]
[EventDate "2012.11.29"]

1. e4 c5 2. Nf3 g6 3. c4 Bg7 4. d4 cxd4 5. Nxd4 Qb6 6. Nb3 d6 7. Be3 Qc6 8. Qc2
Nf6 9. Bd3 Ng4 10. Bd4 Ne5 11. O-O O-O 12. Nc3 Be6 13. Nd5 Bxd5 14. exd5 Qd7 15.
f4 Nxd3 16. Qxd3 Na6 17. Bxg7 Kxg7 18. f5 Rac8 19. Nd4 Nc5 20. Qe3 Qd8 21. Rae1
Re8 22. fxg6 hxg6 23. Nf5+ gxf5 24. Qg5+ Kf8 25. Qh6+ Kg8 26. Rxf5 e6 27. Rh5 1-0

[Event "Vietnam National Masters Women 2012"]
[Site "Ho Chi Minh City VIE"]
[Date "2012.11.29"]
[Round "1.8"]
[White "Doan,Thi Hong Nhung"]
[Black "Nguyen,Thi Thu Huyen"]
[Result "1-0"]
[WhiteElo "1849"]
[BlackElo "2082"]
[WhiteFideId "12403547"]
[BlackFideId "12404365"]
[EventDate "2012.11.29"]

1. e4 c6 2. d4 d5 3. Nc3 dxe4 4. Nxe4 Bf5 5. Ng3 Bg6 6. Nf3 Nd7 7. Bd3 Ngf6 8.
O-O e6 9. Re1 Bd6 10. Ng5 Qc7 11. c4 O-O 12. Bxg6 hxg6 13. Be3 Rae8 14. Qc2 Ng4
15. N5e4 Nxe3 16. Rxe3 Bf4 17. Rc3 Nf6 18. Rd1 Rd8 19. Nxf6+ gxf6 20. Qe4 f5 21.
Qf3 e5 22. dxe5 Qxe5 23. Nf1 Bg5 24. Rb3 Rxd1 25. Qxd1 Rd8 26. Qc2 Rd7 27. Rf3
Qe1 28. Rd3 Qe4 29. Rc3 b6 30. Qxe4 fxe4 31. f3 Bf6 32. Rc2 Rd1 33. Kf2 exf3 34.
gxf3 Kf8 35. Ke2 Rb1 36. b3 Ke7 37. f4 Ke6 38. Nd2 Kf5 39. Nxb1 1-0

[Event "Vietnam National Masters Women 2012"]
[Site "Ho Chi Minh City VIE"]
[Date "2012.11.29"]
[Round "1.9"]
[White "Ngo Thi Kim Tuyen"]
[Black "Tran,Thi Mong Thu"]
[Result "1-0"]
[WhiteElo "2078"]
[BlackElo "1847"]
[WhiteFideId "12400505"]
[BlackFideId "12403415"]
[EventDate "2012.11.29"]

1. Nf3 Nf6 2. b3 b6 3. Bb2 Bb7 4. e3 d5 5. Be2 Nbd7 6. O-O e6 7. d3 Be7 8. Nbd2
O-O 9. c4 c5 10. cxd5 exd5 11. d4 Rc8 12. Rc1 Re8 13. Rc2 Bd6 14. Qa1 Qe7 15.
Rfc1 a6 16. a4 Rc7 17. a5 b5 18. dxc5 Bxc5 19. b4 Bxe3 20. Rxc7 Bxd2 21. Nxd2
Qxe2 22. Nf3 Rb8 23. Bd4 h6 24. Re1 Qd3 25. Qb1 Qxb1 26. Rxb1 Ba8 27. Rbc1 Re8
28. Rc8 Bb7 29. R8c7 Ba8 30. Ra7 1-0

[Event "Vietnam National Masters Women 2012"]
[Site "Ho Chi Minh City VIE"]
[Date "2012.11.29"]
[Round "1.10"]
[White "Nguyen,Thi Minh Thu"]
[Black "Ton,N"]
[Result "0-1"]
[BlackTitle "WF"]
[WhiteElo "1645"]
[BlackElo "2011"]
[WhiteFideId "12406929"]
[BlackFideId "12401803"]
[EventDate "2012.11.29"]

1. d4 Nf6 2. c4 e6 3. Nc3 Bb4 4. Bg5 h6 5. Bxf6 Qxf6 6. e3 c5 7. Qd2 b6 8. Nf3
Bb7 9. Be2 Nc6 10. O-O cxd4 11. exd4 Ne7 12. Rad1 Rc8 13. Ne4 Bxe4 14. Qxb4 Ng6
15. b3 Nf4 16. Qd2 g5 17. Qe3 Qf5 18. Rfe1 Nxg2 19. Kxg2 g4 20. Kg1 gxf3 21. Bf1
Rg8+ 22. Kh1 Qg4 23. Bh3 Qxh3 24. Rg1 Rg2 25. Qf4 Ke7 26. c5 f5 27. Rgf1 Rg4 28.
Qd6+ Kf6 29. Rg1 Rcg8 30. Qe5+ Kf7 31. Rg3 Rxg3 32. fxg3 Qg4 0-1

[Event "Vietnam National Masters Women 2012"]
[Site "Ho Chi Minh City VIE"]
[Date "2012.11.30"]
[Round "2.3"]
[White "Tran Le Dan Thuy"]
[Black "Hoang Thi Bao Tram"]
[Result "0-1"]
[BlackTitle "WGM"]
[WhiteElo "1884"]
[BlackElo "2317"]
[WhiteFideId "12403407"]
[BlackFideId "12401102"]
[EventDate "2012.11.29"]

1. d4 d5 2. c4 c6 3. Nf3 Nf6 4. e3 Bf5 5. Qb3 Qb6 6. Nfd2 e6 7. Nc3 Be7 8. Be2
O-O 9. O-O Nbd7 10. Qxb6 axb6 11. b3 Ra7 12. Bb2 Rfa8 13. a4 Bb4 14. Rfc1 h6 15.
f3 Bg6 16. Ba3 Bxc3 17. Rxc3 dxc4 18. Rxc4 b5 19. Rcc1 bxa4 20. b4 Nb6 21. b5
cxb5 22. Bxb5 Ra5 23. Bf1 Rd8 24. Bb4 Raa8 25. Nc4 Nxc4 26. Bxc4 Nd5 27. Bd2 f5
28. Ra3 Be8 29. Rb1 Bc6 30. Kf2 Kf7 31. e4 fxe4 32. fxe4 Nf6 33. d5 Nxe4+ 34.
Ke2 Nxd2 0-1

[Event "Vietnam National Masters Women 2012"]
[Site "Ho Chi Minh City VIE"]
[Date "2012.11.30"]
[Round "2.4"]
[White "Le Kieu Thien Kim"]
[Black "Ngo Thi Kim Tuyen"]
[Result "1/2-1/2"]
[WhiteTitle "WIM"]
[WhiteElo "2261"]
[BlackElo "2078"]
[WhiteFideId "12400572"]
[BlackFideId "12400505"]
[EventDate "2012.11.29"]

1. c4 Nf6 2. Nc3 g6 3. e4 e5 4. d3 Bg7 5. Bg5 d6 6. Be2 Nbd7 7. h4 h6 8. Be3 c6
9. Nh3 b6 10. d4 exd4 11. Qxd4 Nc5 12. O-O-O O-O 13. Qxd6 Qxd6 14. Rxd6 Ncxe4
15. Nxe4 Nxe4 16. Rxc6 Bb7 17. Rc7 Nd6 18. Rxb7 Nxb7 19. Bf3 Rab8 20. Bf4 Nc5
21. Bxb8 Rxb8 22. Rd1 Rc8 23. b3 b5 24. Bd5 a5 25. cxb5 Nxb3+ 26. Kb1 Nd4 27. b6
Nb5 28. Rd3 Nc3+ 29. Rxc3 Bxc3 30. Nf4 Kg7 31. b7 Rd8 32. Bf3 Be5 33. Nd5 Bb8
34. Kc2 Ba7 35. Ne7 Rd7 36. Nc8 Bb8 37. Nb6 Rd8 38. Kc3 Kf6 39. Kc4 Ke6 40. Bd5+
Ke7 41. Kb5 f5 42. Kxa5 Kd6 43. Kb5 Kc7 44. a4 Ba7 45. Na8+ Kb8 46. Bc6 Rd2 47.
Ka6 Rb2 48. Bb5 Rxf2 49. Bc6 Rc2 50. Bf3 g5 51. hxg5 hxg5 52. a5 g4 53. Bd5 Rc5
54. Bb3 Rc3 55. Bd5 Rc5 56. Bb3 Rc3 57. Bd5 Rd3 58. Bc6 Rb3 59. Bd5 Rd3 60. Bc6 1/2-1/2

[Event "Vietnam National Masters Women 2012"]
[Site "Ho Chi Minh City VIE"]
[Date "2012.11.30"]
[Round "2.5"]
[White "Pham Thi Thu Hien"]
[Black "Doan,T"]
[Result "1-0"]
[WhiteElo "2105"]
[BlackElo "1991"]
[WhiteFideId "12402575"]
[BlackFideId "12400491"]
[EventDate "2012.11.29"]

1. e4 d6 2. d4 Nf6 3. Nc3 g6 4. Nf3 Bg7 5. Bd3 Nbd7 6. Bf4 c5 7. d5 Ng4 8. O-O
Nge5 9. Bb5 O-O 10. Bxd7 Nxf3+ 11. Qxf3 Bxd7 12. Rfe1 Qb6 13. Rab1 Rae8 14. e5
dxe5 15. Bxe5 Bf5 16. Bxg7 Kxg7 17. Ne4 Bxe4 18. Rxe4 Qd6 19. Qb3 b6 20. Rbe1 a6
21. a4 Kg8 22. g3 b5 23. axb5 axb5 24. Qxb5 Qxd5 25. Re5 Qd2 26. Qe2 Qb4 27. c3
Qb6 28. Rxe7 Rxe7 29. Qxe7 Qxb2 30. Qxc5 Ra8 31. Qc6 Rb8 32. Re8+ Rxe8 33. Qxe8+
Kg7 34. Qc6 h5 35. h4 g5 36. hxg5 Qc1+ 37. Kg2 Qxg5 38. Qe4 f5 39. Qd4+ Kg6 40.
c4 Qe7 41. Qd5 h4 42. Qg8+ Kf6 43. Qh8+ Ke6 44. Qxh4 Qb7+ 45. Kh2 Kd6 46. Qd4+
Ke6 47. Qd5+ Qxd5 48. cxd5+ Kxd5 49. Kh3 Ke4 50. f4 Kd4 1-0